000 00478nam a2200181Ia 4500
003 OSt
005 20220520113855.0
008 211109s9999||||xx |||||||||||||| ||und||
040 _cSBCL
082 _a894.81209
_bAZH-M
100 _aAzhicode, Sukumar
245 0 _aMalayala Sahitya Vimarsanam
260 _bDC Books
_aKottayam
_c1996
300 _a296
630 _xGeneral stack
650 _aLiterature & rhetoric
_vMalayalam Literature
_vLiterary Criticism
942 _cBOOK
999 _c54057
_d54057